SM Entertainment Groups/Soloists - Statistics

General Stats
  • This quiz has been taken 253 times
    197 since last reset
  • The average score is 68 of 103
Answer Stats
Hint Answer % Correct
Group Name AESPA
97%
Member Karina
95%
Member Winter
94%
Member Giselle
93%
Group Name NCT
92%
Member NingNing
92%
Group Name RED VELVET
90%
Group Name EXO
85%
Member Joy
85%
Member Mark
85%
Member Irene
84%
Member Seulgi
84%
Member Wendy
84%
Group Name GIRLS' GENERATION
83%
Group Name SHINEE
82%
Member Taemin
81%
Member Yeri
80%
Member Kai
79%
Member D.O.
78%
Member Chen
76%
SupergroupName SUPERM
76%
Member Taeyeon
76%
Group Name RIIZE
75%
Member Baekhyun
74%
Member Jaehyun
74%
Member Taeyong
74%
Member Key
73%
Member Minho
73%
Member Ten
73%
Member Doyoung
72%
Member Johnny
72%
Member Onew
72%
Member Taeil
71%
Member Yuta
71%
Member | Solo BoA
70%
Member Haechan
70%
Member Hendery
70%
Member Jaemin
70%
Member Jeno
70%
Member YangYang
70%
Member Jisung
69%
Member Shotaro
69%
Member Suho
69%
Member WinWin
69%
Member Chanyeol
68%
Member Sehun
68%
Member Xiumin
68%
Member Chenle
67%
Member Renjun
67%
Member Xiaojun
66%
Member Hyoyeon
65%
Member Kun
65%
Member Lay
65%
Member Tiffany
65%
Member Yoona
65%
Member Jungwoo
64%
Group Name SUPER JUNIOR
64%
Member Sungchan
63%
Group Name TVXQ
63%
Member Wonbin
59%
SupergroupName GOT THE BEAT
58%
Member Anton
57%
Member Sohee
57%
Member Sunny
57%
Member Sakuya
56%
Member Seunghan
56%
Member Sion
55%
Member Ryo
52%
Member Sooyoung
52%
Member Riku
51%
Member Yuri
51%
Member Heechul
50%
Member Jaehee
50%
Member Seohyun
50%
Member Eunseok
49%
Member Yushi
49%
Member Leeteuk
43%
Member Shindong
43%
Member Siwon
43%
Member Donghae
42%
Member U-Know
39%
Member Yesung
38%
Member Kyuhyun
37%
Member Max Changmin
37%
Member Eunhyuk
36%
Member Ryeowook
36%
Solo Kangta
35%
Member Sungmin
29%
Solo J-Min
10%
Solo Naevis
7%
No matching quizzes found
Score Distribution
Percent of People with Each Score
Percentile by Number Answered
Your Score History
You have not taken this quiz since the last reset